Video Games by OST - Statistics

General Stats
  • This quiz has been taken 159 times
  • The average score is 6 of 20
Answer Stats
Hint Answer % Correct
Pokémon Red & Blue Lavender Town
76%
Minecraft Sweden
69%
Super Mario 64 Dire, Dire Docks
53%
Animal Crossing K.K. Calypso
48%
Super Smash Bros. Ultimate Lifelight
39%
Phoenix Wright: Ace Attorney Pressing Pursuit
34%
DOOM I. DOGMA
33%
Undertale The Choice
31%
Tetris Kalinka
26%
Crash Bandicoot Jungle Rollers
23%
Bugsnax Sunrise Over Snaktooth Island
19%
Cuphead Winner Takes All
19%
Celeste Spirit of Hospitality
18%
Blooms TD Battles 2 Let Them Eat Lead
16%
Club Penguin Rollerscape
13%
Bad Piggies Shuffle and Spawn
13%
Conker’s Bad Fur Day Sloprano
11%
The Binding Of Isaac Diptera Sonata
10%
Mother 2 Cursed Jungles
9%
Monkey Island Fettucini Brothers
5%
No matching quizzes found
Score Distribution
Percent of People with Each Score
Percentile by Number Answered
Your Score History
You have not taken this quiz